Hachette children's yearbook and infopedia 2014 / (Record no. 83918)
[ view plain ]
| 000 -LEADER | |
|---|---|
| fixed length control field | 00705nam a22002177a 4500 |
| 005 - DATE AND TIME OF LATEST TRANSACTION | |
| control field | 20140806155430.0 |
| 010 ## - LCCN (DPL NO) | |
| LC control number | B-535660-681 |
| 020 ## - INTERNATIONAL STANDARD BOOK NUMBER | |
| Terms of availability | 295.00 |
| International Standard Book Number | 9789350097786 |
| 035 ## - SYSTEM CONTROL NUMBER | |
| System control number | B-535660-681 |
| 037 ## - SOURCE OF ACQUISITION | |
| Source of stock number/acquisition | DBAD/PUB |
| 037 ## - SOURCE OF ACQUISITION | |
| Source of stock number/acquisition | BSB/Ven |
| Stock number | dpl |
| 082 ## - DEWEY DECIMAL CLASSIFICATION NUMBER | |
| Classification number | 050 |
| 245 00 - TITLE STATEMENT | |
| Title | Hachette children's yearbook and infopedia 2014 / |
| 250 ## - EDITION STATEMENT | |
| Edition statement | rev. and updated |
| 260 ## - PUBLICATION, DISTRIBUTION, ETC. (IMPRINT) | |
| Place of publication, distribution, etc | Gurgaon |
| Name of publisher, distributor, etc | Hachette Book Publishing |
| Date of publication, distribution, etc | 2013 |
| 270 ## - ADDRESS | |
| Address | Plot No.94, Sector 44 |
| City | Gurgaon |
| Postal code | 122003 |
| 300 ## - PHYSICAL DESCRIPTION | |
| Extent | 256p. : |
| Dimensions | 22cm(pbk) |
| Accompanying material | 1CD-ROM |
| Other physical details | ill. |
| 500 ## - GENERAL NOTE | |
| General note | Includes index |
| 942 ## - ADDED ENTRY ELEMENTS (KOHA) | |
| Source of classification or shelving scheme | Dewey Decimal Classification |
| Item type | Children Books |
| Call number suffix | HAC |
| Classification part | 050 |
| Withdrawn status | Lost status | Not for loan | Collection code | Home library | Current library | Date acquired | Source of acquisition | Cost, normal purchase price | Full call number | Barcode | Copy number | Cost, replacement price | Koha item type |
|---|---|---|---|---|---|---|---|---|---|---|---|---|---|
| Withdrawn | Non-fiction | Andrews Gunj | Andrews Gunj | 23/07/2014 | BSB/IN610/27.03.2014/143/25.03.2014/29.03.2014 | 295.00 | 050 HAC | B-535670 | 1 | 295.00 | Children Books | ||
| Written-off vide DLB M. No. 383 dt 16.05.19 | Non-fiction | Bagh Kadhe Khan | Bagh Kadhe Khan | 23/07/2014 | BSB/IN610/27.03.2014/143/25.03.2014/29.03.2014 | 295.00 | 050 HAC | B-535677 | 1 | 295.00 | Children Books | ||
| Non-fiction | Bawana | Bawana | 23/07/2014 | BSB/IN610/27.03.2014/143/25.03.2014/29.03.2014 | 295.00 | 050 HAC | B-535679 | 1 | 295.00 | Children Books | |||
| Non-fiction | Central Jail Tihar | Central Jail Tihar | 23/07/2014 | BSB/IN610/27.03.2014/143/25.03.2014/29.03.2014 | 295.00 | 050 HAC | B-535665 | 1 | 295.00 | Children Books | |||
| Non-fiction | Central Library | Central Library | 23/07/2014 | BSB/IN610/27.03.2014/143/25.03.2014/29.03.2014 | 295.00 | 050 HAC | B-535660 | 1 | 295.00 | Children Books | |||
| Non-fiction | Diz Area | Diz Area | 23/07/2014 | BSB/IN610/27.03.2014/143/25.03.2014/29.03.2014 | 295.00 | 050 HAC | B-535666 | 1 | 295.00 | Children Books | |||
| Non-fiction | Janak Puri | Janak Puri | 23/07/2014 | BSB/IN610/27.03.2014/143/25.03.2014/29.03.2014 | 295.00 | 050 HAC | B-535667 | 1 | 295.00 | Children Books | |||
| Written-off vide DLB M. No. 383 dt 16.05.19 | Non-fiction | Karol Bagh | Karol Bagh | 23/07/2014 | BSB/IN610/27.03.2014/143/25.03.2014/29.03.2014 | 295.00 | 050 HAC | B-535675 | 1 | 295.00 | Children Books | ||
| Non-fiction | Kasturba Gandhi Marg | Kasturba Gandhi Marg | 23/07/2014 | BSB/IN610/27.03.2014/143/25.03.2014/29.03.2014 | 295.00 | 050 HAC | B-535662 | 1 | 295.00 | Children Books | |||
| Written-off vide DLB M. No. 383 dt 16.05.19 | Non-fiction | Mundaka | Mundaka | 23/07/2014 | BSB/IN610/27.03.2014/143/25.03.2014/29.03.2014 | 295.00 | 050 HAC | B-535680 | 1 | 295.00 | Children Books | ||
| Non-fiction | Narela | Narela | 23/07/2014 | BSB/IN610/27.03.2014/143/25.03.2014/29.03.2014 | 295.00 | 050 HAC | B-535678 | 1 | 295.00 | Children Books | |||
| Non-fiction | Netaji Nagar | Netaji Nagar | 23/07/2014 | BSB/IN610/27.03.2014/143/25.03.2014/29.03.2014 | 295.00 | 050 HAC | B-535672 | 1 | 295.00 | Children Books | |||
| Non-fiction | New Rohtak Road | New Rohtak Road | 23/07/2014 | BSB/IN610/27.03.2014/143/25.03.2014/29.03.2014 | 295.00 | 050 HAC | B-535676 | 1 | 295.00 | Children Books | |||
| Written-off vide DLB M. No. 383 dt 16.05.19 | Non-fiction | Patel Nagar | Patel Nagar | 23/07/2014 | BSB/IN610/27.03.2014/143/25.03.2014/29.03.2014 | 295.00 | 050 HAC | B-535661 | 1 | 295.00 | Children Books | ||
| Non-fiction | Peshwa Road | Peshwa Road | 23/07/2014 | BSB/IN610/27.03.2014/143/25.03.2014/29.03.2014 | 295.00 | 050 HAC | B-535663 | 1 | 295.00 | Children Books | |||
| Non-fiction | Qila Rai Pithora | Qila Rai Pithora | 23/07/2014 | BSB/IN610/27.03.2014/143/25.03.2014/29.03.2014 | 295.00 | 050 HAC | B-535673 | 1 | 295.00 | Children Books | |||
| Non-fiction | R.K.Puram-8 | R.K.Puram-8 | 23/07/2014 | BSB/IN610/27.03.2014/143/25.03.2014/29.03.2014 | 295.00 | 050 HAC | B-535669 | 1 | 295.00 | Children Books | |||
| Written-off vide DLB M. No. 383 dt 16.05.19 | Non-fiction | Sarojini Nagar | Sarojini Nagar | 23/07/2014 | BSB/IN610/27.03.2014/143/25.03.2014/29.03.2014 | 295.00 | 050 HAC | B-535668 | 1 | 295.00 | Children Books | ||
| Written-off vide DLB M. No. 383 dt 16.05.19 | Non-fiction | Shahdara Branch | Shahdara Branch | 23/07/2014 | BSB/IN610/27.03.2014/143/25.03.2014/29.03.2014 | 295.00 | 050 HAC | B-535681 | 1 | 295.00 | Children Books | ||
| Non-fiction | Sriniwas Puri | Sriniwas Puri | 23/07/2014 | BSB/IN610/27.03.2014/143/25.03.2014/29.03.2014 | 295.00 | 050 HAC | B-535671 | 1 | 295.00 | Children Books | |||
| Non-fiction | Tri Nagar | Tri Nagar | 23/07/2014 | BSB/IN610/27.03.2014/143/25.03.2014/29.03.2014 | 295.00 | 050 HAC | B-535664 | 1 | 295.00 | Children Books | |||
| Non-fiction | Vinoba Puri | Vinoba Puri | 23/07/2014 | BSB/IN610/27.03.2014/143/25.03.2014/29.03.2014 | 295.00 | 050 HAC | B-535674 | 1 | 295.00 | Children Books |
